000 01966nam a2200373 a 4500
005 20240412114731.0
008 100310t2015||||ag a . f |||| 00| 0 spa d
020 _a9789500600927
041 _aspa
092 _c574.3
_l25
_sFLO
100 1 _aFlores, Vladimir
_93026
245 _aEmbriología humana.
_bBases moleculares y celulares de la histogénesis, la morfogénesis y las alteraciones del desarrollo. Orientada a la formación médica /
_cVladimir Flores.
250 _a1a ed.
260 _aBuenos Aires:
_bEditorial Médica Panamericana;
_c2015.
300 _a584 p.
_bil.
_c20x28cm
500 _aFlores, V. (2015). Embriología humana. Bases moleculares y celulares de la histogénesis, la morfogénesis y las alteraciones del desarrollo. Orientada a la formación médica. (1a ed.). Buenos Aires : Editorial Médica Panamericana.
653 3 _aLa fecundación
653 _aPeríodo presomítico. Segmentación de la célula huevo y gastrulación
653 3 _aEl Período somítico. El desarrollo del plan anatómico básico y la definición de sistemas, aparatos y órganos
653 3 _aLa quinta semana del desarrollo.El agregado de detalles al plan anatómico básico
653 _aDesarrollo del sistema circulatorio
653 _aDesarrollo de los aparatos digestivo y respiratorio
653 _aDesarrollo del aparato excretor
653 _aDesarrollo del aparato reproductor
653 _aDesarrollo del sistema nervioso
653 _aDesarrollo del aparato de la visión
653 _aDesarrollo de los aparatos de la audición y del equilibrio
653 _aDesarrollo del sistema endocrino
653 _aDesarrollo del aparato de la contención neurosensorial: Cabeza y cuello
653 _aDesarrollo de los aparatos locomotor y tegumentario
653 _aImplantación y desarrollo de la placenta. Fisiología placentaria. Inmunología de la gestación
653 _aGenética y teratología
942 _2ddc
_cBK
999 _c2231
_d2231